Barris de Girona - Estadísticas

Estadísticas generales
  • Esta prueba ha sido intentada 50 veces
  • La puntuación promedio es 11 de 31
Estadísticas de respuestas
Barri % Correcto
Centre Barri Vell
88%
Sud Montilivi
85%
Est Font de la Pólvora
73%
Eixample Sant Narcís
69%
Sud Palau
62%
Santa Eugènia Santa Eugènia
62%
Oest Fontajau
58%
Est Vila-roja
54%
Oest Germans Sàbat
50%
Montjuïc
50%
Nord Pont Major
50%
Oest Taialà
46%
Eixample Eixample Nord
42%
Eixample Eixample Sud
42%
Est Sant Daniel
38%
Sud Avellaneda
31%
Nord Pedret
31%
Centre Carme
27%
Centre Mercadal
27%
Santa Eugènia Can Gibert
23%
Sud La Creueta
19%
Santa Eugènia Hortes
15%
Mas Xirgu
15%
Est Pedreres
15%
Oest Sant Ponç
15%
Est Torre Gironella
15%
Oest Domeny Nord
12%
Oest Domeny Sud
12%
Est Gavarres
8%
Nord Muntanya de Campdorà
4%
Nord Pla de Campdorà
4%
No se encontraron pruebas coincidentes
Distribución de puntuación
Porcentaje de gente con cada puntuación
Porcentaje por número respondido
Historial de tus puntuaciones
No has intentado esta prueba.